Tous les mouvements des Souffles dans Demon Slayer - Statistiques

Statistiques générales
  • Ce quiz a été pris 9 fois
  • Le résultat moyen est 5 sur 103
Statistiques - réponses
Souffle Mouvements (et affiliés) % Correct
Souffle de l'Eau Deuxième Mouvement : Roue d'Eau
80%
Souffle de la Flamme Neuvième Mouvement : Purgatoire
60%
Souffle de l'Eau Onzième Mouvement : Accalmie
40%
Souffle de l'Eau Premier Mouvement : Entaille de l'Eau Calme
40%
Souffle de la Flamme Premier Mouvement : Mer de Flammes
40%
Souffle du Soleil Roue de Feu
40%
Souffle de la Fleur Cinquième Mouvement : La Pivoine Futile
20%
Souffle de la Brume Cinquième Mouvement : Océan de Brouillard
20%
Souffle de la Fleur Deuxième Mouvement : Esprit du Prunier
20%
Souffle de la Bête Huitième Croc : Charge du Sanglier
20%
Souffle de la Foudre Premier Mouvement : Frappe Foudroyante
20%
Souffle de l'Amour Premier Mouvement : Frissons du Premier Amour
20%
Souffle du Son Premier Mouvement : Tonnerre
20%
Souffle de la Fleur Quatrième Mouvement : Hanagoromo Pourpre
20%
Souffle de la Bête Septième Croc : Détection
20%
Souffle de l'Eau Sixième Mouvement : Tourbillon
20%
Souffle de la Fleur Sixième Mouvement : Tourbillon de Pêche
20%
Souffle du Serpent Troisième Mouvement : Constriction
20%
Souffle du Soleil Calcination Solaire Prophétique
0%
Souffle du Soleil Chaleur Ondulante
0%
Souffle du Soleil Ciel d'Azur Sans Nuages
0%
Souffle de la Bête Cinquième Croc : Mutilation Furieuse
0%
Souffle de l'Amour Cinquième Mouvement : Amour Vacillant - Griffes du Chaos
0%
Souffle de l'Eau Cinquième Mouvement : Averse Providentielle
0%
Souffle de la Roche Cinquième Mouvement : La Roue de Pierre de la Justice
0%
Souffle du Serpent Cinquième Mouvement : Ondulations du Serpent
0%
Souffle de la Foudre Cinquième Mouvement : Orage Brûlant
0%
Souffle du Son Cinquième Mouvement : Symphonie Stridente
0%
Souffle du Vent Cinquième Mouvement: Tempête Hivernale
0%
Souffle de la Flamme Cinquième Mouvement : Tigre de Flammes
0%
Souffle de la Lune Cinquième Mouvement : Vortex Maudit de l'Esprit Lunaire
0%
Souffle de l'Insecte Danse de l'Abeille : Piqûre
0%
Souffle de l'Insecte Danse de la Libellule : Œil à Facettes Hexagonales
0%
Souffle de l'Insecte Danse du Myriapode : Zigzag Centipède
0%
Souffle de l'Insecte Danse du Papillon : Papillonnage
0%
Souffle de l'Insecte Danse du Taon : Assaut Envoûtant
0%
Souffle de la Bête Deuxième Croc : Lacération
0%
Souffle de l'Amour Deuxième Mouvement : Affres de l'Amour
0%
Souffle de la Foudre Deuxième Mouvement : Âme de Foudre
0%
Souffle de la Lune Deuxième Mouvement : Contemplation des Fleurs de Lune
0%
Souffle de la Flamme Deuxième Mouvement : Flammes du Soleil Ascendant
0%
Souffle de la Roche Deuxième Mouvement : Fracasser la Voûte Céleste
0%
Souffle du Vent Deuxième Mouvement : Griffes de Vent Purificatrices
0%
Souffle du Serpent Deuxième Mouvement : Le Crochet Empoisonné du Petit Serpent
0%
Souffle de la Brume Deuxième Mouvement : Multiples Nappes de Brouillards
0%
Souffle de la Bête Dixième Croc : Les Crocs Tournoyants
0%
Souffle de l'Eau Dixième Mouvement : Les Vicissitudes de la Vie
0%
Souffle de la Lune Dixième Mouvement : Rayons de Lune Pérforant le Feuillage
0%
Souffle du Soleil Dragon du Halo Solaire - Tête Dansante
0%
Souffle du Soleil Estoc de la Fleur Solaire
0%
Souffle du Vent Huitième Mouvement : Frappe de la Première Bourrasque
0%
Souffle de l'Eau Huitième Mouvement : Impact de la Cascade
0%
Souffle de la Lune Huitième Mouvement : Ouroboros Lunaire
0%
Souffle du Soleil Iridescence Parhélique
0%
Souffle de la Bête La Frappe Lancée
0%
Souffle du Soleil Le Coucher de Soleil
0%
Souffle du Soleil Miroir Écarlate du Soleil Brûlant
0%
Souffle de la Fleur Mouvement Final : Les Yeux du Lycoris
0%
Souffle de la Bête Neuvième Croc : Taillade Ondulante Divine
0%
Souffle de l'Eau Neuvième Mouvement : Embruns des Flots Déchaînés
0%
Souffle de la Lune Neuvième Mouvement : Salve de Lunes Gibbeuses Décroissantes
0%
Souffle du Vent Neuvième Mouvement : Typhon de Skanda
0%
Souffle de la Bête Premier Croc : Perforation
0%
Souffle de la Brume Premier Mouvement : Brume Suspendue dans le Ciel
0%
Souffle du Serpent Premier Mouvement : Frappe du Serpent Recroquevillé
0%
Souffle de la Lune Premier Mouvement : Lune Obscur: Palais Vespéral
0%
Souffle de la Roche Premier Mouvement : Serpentinite - Tenaille Polarisée
0%
Souffle du Vent Premier Mouvement : Tourbillon de Poussière - Tranche
0%
Souffle de la Lune Quatorzième Mouvement : Cataclysme Ciel de Lunes Croissantes
0%
Souffle de la Bête Quatrième Croc : Dilacération
0%
Souffle de la Brume Quatrième Mouvement : Frappe d'Advection
0%
Souffle du Vent Quatrième Mouvement : La Tempête de Poussière Levante
0%
Souffle de la Flamme Quatrième Mouvement : La Vague Flamboyante
0%
Souffle du Son Quatrième Mouvement : Le Glas Mortel d'Avici
0%
Souffle de l'Eau Quatrième Mouvement : Marée Déferlante
0%
Souffle de la Roche Quatrième Mouvement : Rhyolite - Conquête Rapide
0%
Souffle du Serpent Quatrième Mouvement : Serpent Bicéphale
0%
Souffle de la Foudre Quatrième Mouvement : Tonnerre Lointain
0%
Souffle du Soleil Rai de Lumière
0%
Souffle de la Lune Seizième Mouvement : Arc-en-Ciel Lunaire - Demi-Lune
0%
Souffle de la Foudre Septième Mouvement : Dieu des Eclairs de Feu
0%
Souffle de l'Eau Septième Mouvement : Estoc de la Goutte de Houle Ondulée
0%
Souffle de la Lune Septième Mouvement : Miroir Maléfique, Sublimation Lunaire
0%
Souffle du Vent Septième Mouvement : Vent Puissant - Bourrasque de Tengu
0%
Souffle de la Brume Septième mouvement : Voile de Brume
0%
Souffle de la Bête Sixième Croc : Morsure Irrégulière
0%
Souffle de la Brume Sixième Mouvement : Brouillard au clair de Lune
0%
Souffle de la Foudre Sixième Mouvement : Éclairs Grondants
0%
Souffle du Vent Sixième Mouvement : La Rafale de Fumée Noire
0%
Souffle de la Lune Sixième Mouvement : Lune Solitaire dans la Nuit Perpétuelle - L'Avici
0%
Souffle de l'Amour Sixième Mouvement : Vent d'Amour à Pattes de Velours
0%
Souffle du Soleil Treizième Mouvement
0%
Souffle de la Bête Troisième Croc : Déchiquetage
0%
Souffle du Vent Troisième Mouvement : Arbre Ondulant dans la Brise Montagnarde
0%
Souffle de l'Eau Troisième Mouvement : Danse des Courants
0%
Souffle de la Brume Troisième Mouvement : Éclaboussures de Brume
0%
Souffle de la Foudre Troisième Mouvement : Essaim Electrique
0%
Souffle de la Lune Troisième Mouvement : Lune de Haine Chaîne Destructrice
0%
Souffle de la Roche Troisième Mouvement : Peau de Pierre
0%
Souffle de l'Amour Troisième Mouvement : Pluie de Chats Amoureux
0%
Souffle de la Flamme Troisième Mouvement : Univers de Flammes
0%
Souffle du Soleil Valse
0%
Souffle du Soleil Valse Enflammée
0%
Aucun quiz correspondant
Distribution des résultats
% des personnes avec chaque résultat
Percentile par nombre de réponses
Votre historique - résultats
Vous n’avez pas pris ce quiz